000 00369 a2200121 4500
005 20250618114737.0
020 _a978997678083
100 _aAuditing principles and Practice
245 _aB3 Auditing Principles and Practice
260 _aDar es salaam
_bNational Board of Accountants and Auditors
_c2019
300 _a455.p.: ill; graphs, tables,
_c29cm.
942 _2ddc
_cBKS
999 _c2877
_d2877